00701nai a2200157Ia 4500003000900000008004100009040001600050245008600066260008600152362000900238521006900247650005800316650003000374650004600404856009300450IN-BaIIA211028c9999 xx s 000 0 eng d cIIA Library 0aIEEE Transactions on Semiconductor Technology Modeling and Simulationh[eJournal] aNew York, USAbThe Institute of Electrical and Electronics Engineers, Inc. (IEEE) a1996 bSubscribed through National Knowledge Resource Consortium (NKRC) a Communication, Networking and Broadcast Technologies a Computing and Processing aComponents, Circuits, Devices and Systems uhttps://ieeexplore.ieee.org/servlet/opac?punumber=6414144yClick Here to Access eJournal